Agricultural cooperation in Collin County, Texas, from 1870 to 1926 /

Bibliographic Details
Main Author: Andrews, John N. (John Nelson)
Format: Thesis Microform Book
Language:English
Published: [Place of publication not identified] : [publisher not identified] ; 1926.
Series:USAIN state and local literature preservation project, Texas ; reel 50.3.
Subjects:

MARC

Tag First Indicator Second Indicator Subfields
LEADER 00000ctm a2200000Ia 4500
001 in00001530607
005 20151021180340.0
007 hd afa---bccu
007 hd bfa---baau
007 hd bfa---babu
008 000309s1926 xx ab 000 0 eng d
035 |a (OCoLC)43603274 
037 |a USAIN TX SL AG 50  |b TXA  |f microfilm 
040 |a TXA  |c TXA  |d UtOrBLW 
043 |a n-us-tx 
049 |a TXAM 
090 |a S117  |b .U8 reel 50.3 
100 1 |a Andrews, John N.  |q (John Nelson) 
245 1 0 |a Agricultural cooperation in Collin County, Texas, from 1870 to 1926 /  |c by John N. Andrews. 
264 1 |a [Place of publication not identified] :  |b [publisher not identified] ;  |c 1926. 
300 |a ix, 141 leaves ;  |c 29 cm. 
336 |a text  |b txt  |2 rdacontent 
337 |a microform  |b h  |2 rdamedia 
338 |a microfilm reel  |b hd  |2 rdacarrier 
502 |b M.A.  |c University of Texas at Austin  |d 1926. 
504 |a Includes bibliographical references (leaves 140-141). 
533 |a Microfilm.  |b College Station, Tex. :  |c Microfilmed by Southwest Micropublishing, Inc. on behalf of Texas A&M University General Libraries,  |d 1999.  |e 1 microfilm reel : negative ; 35 mm.  |f (USAIN preservation project state and local agricultural literature of Texas, 1820-1945 ; reel 50.3) 
533 |a Microfilm.  |b College Station, Tex. :  |c Microfilmed by Southwest Micropublishing, Inc. on behalf of Texas A&M University General Libraries,  |d 1999.  |e 1 microfilm reel ; 35 mm.  |f (USAIN preservation project state and local agricultural literature of Texas, 1820-1945 ; reel 50.3) 
500 |a Microform. 
650 0 |a Agricultural societies  |z Texas  |z Collin County. 
650 0 |a Agriculture, Cooperative  |z Texas  |z Collin County. 
776 0 |c Original  |w (OCoLC)09526548 
830 0 |a USAIN state and local literature preservation project, Texas ;  |v reel 50.3. 
948 |a cataloged  |b h  |c 2000/3/9  |d o  |e jspillan  |f 2:47:54 pm 
994 |a E0  |b TXA 
999 |a MARS 
999 f f |s 9c73bf75-bc19-354e-886f-dd6af83b67ff  |i faefdfd6-d25d-338c-b27a-81a9a0e4b21b  |t 0 
952 f f |p normal  |a Texas A&M University  |b College Station  |c Sterling C. Evans Library  |d Evans: Microforms Film (3rd floor)  |t 0  |e S117 .U8 reel 50  |h Library of Congress classification  |i microform -- microfilm reel  |m A14825775253 
952 f f |a Texas A&M University  |b College Station  |c Sterling C. Evans Library  |d Evans: Microforms Film (3rd floor)  |t 0  |e S117 .U8 reel 50  |h Library of Congress classification 
998 f f |a S117 .U8 reel 50  |t 0  |l Evans: Microforms Film (3rd floor)